[Event "La Pobla de Lillet op"]
[Site "La Pobla de Lillet ESP"]
[Date "2019.08.07"]
[Round "6.3"]
[White "Pla Carulla, J."]
[Black "Burset Camps, G."]
[Result "1/2-1/2"]
[WhiteElo "1796"]
[BlackElo "1585"]
[PlyCount "63"]
[EventDate "2019.08.02"]
[EventType "swiss"]
[EventRounds "9"]
[EventCountry "ESP"]
[SourceTitle "Ajedrez en Madrid"]
[Source "lmi"]
[SourceDate "2020.06.24"]
[SourceVersion "1"]
[SourceVersionDate "2020.06.24"]
[SourceQuality "1"]

1. d4 d5 2. e3 Nf6 3. Bd3 e6 4. Nd2 c5 5. c3 Nbd7 6. f4 b6 7. Nh3 Bb7 8. Qf3 g6
9. O-O Bg7 10. Nf2 Qc7 11. Re1 O-O 12. Qh3 Bc8 13. Qf3 Bb7 14. Nf1 Kh8 15. Bd2
a5 16. Bc2 a4 17. Rac1 b5 18. g4 Qb6 19. a3 Ba6 20. Qh3 Ne4 21. Nxe4 dxe4 22.
Ng3 f5 23. g5 Rf7 24. Ne2 Bf8 25. Qg3 Bd6 26. Rf1 Rb8 27. h4 b4 28. axb4 cxb4
29. Rb1 b3 30. Bd1 Qa5 31. Nc1 Nf8 32. Kg2 1/2-1/2

[Event "La Pobla de Lillet op"]
[Site "La Pobla de Lillet ESP"]
[Date "2019.08.07"]
[Round "6.4"]
[White "Povill Claros, X."]
[Black "Simon Padros, E."]
[Result "1-0"]
[WhiteElo "2276"]
[BlackElo "2110"]
[PlyCount "87"]
[EventDate "2019.08.02"]
[EventType "swiss"]
[EventRounds "9"]
[EventCountry "ESP"]
[SourceTitle "Ajedrez en Madrid"]
[Source "lmi"]
[SourceDate "2020.06.24"]
[SourceVersion "1"]
[SourceVersionDate "2020.06.24"]
[SourceQuality "1"]

1. e4 e6 2. d4 d5 3. Bd3 Nf6 4. e5 Nfd7 5. f4 c5 6. c3 b6 7. Nf3 Ba6 8. f5 Bxd3
9. Qxd3 Be7 10. O-O Nc6 11. a3 c4 12. Qc2 Na5 13. Nbd2 Qc7 14. Rf2 Qc6 15. Rb1
exf5 16. Qxf5 Qe6 17. Qxe6 fxe6 18. Nf1 h6 19. Ng3 O-O 20. Nh5 Rf7 21. Be3 b5
22. g4 Nf8 23. Nf4 g6 24. h4 Nc6 25. Rbf1 Nd8 26. Nh3 Kg7 27. Kg2 a5 28. Kg3
Ra7 29. h5 g5 30. Nfxg5 Rxf2 31. Rxf2 hxg5 32. Nxg5 Nh7 33. Nxh7 Kxh7 34. g5
Kg7 35. g6 b4 36. Kg4 bxa3 37. bxa3 Bxa3 38. Bg5 Nf7 39. gxf7 Rxf7 40. Ra2 Bb4
41. Bf6+ Rxf6 42. exf6+ Kxf6 43. cxb4 axb4 44. Ra7 1-0

[Event "La Pobla de Lillet op"]
[Site "La Pobla de Lillet ESP"]
[Date "2019.08.07"]
[Round "6.4"]
[White "Rossell Aran, J."]
[Black "Aballanet Beltran, E."]
[Result "1/2-1/2"]
[WhiteElo "1456"]
[BlackElo "1475"]
[PlyCount "53"]
[EventDate "2019.08.02"]
[EventType "swiss"]
[EventRounds "9"]
[EventCountry "ESP"]
[SourceTitle "Ajedrez en Madrid"]
[Source "lmi"]
[SourceDate "2020.06.24"]
[SourceVersion "1"]
[SourceVersionDate "2020.06.24"]
[SourceQuality "1"]

1. e4 e5 2. Nf3 Nc6 3. d4 exd4 4. Nxd4 Bc5 5. Be3 Bb6 6. Bc4 Qf6 7. c3 Nge7 8.
O-O O-O 9. Re1 Ne5 10. Bb3 c5 11. Nb5 c4 12. Bc2 Bxe3 13. Rxe3 d6 14. Qxd6 Qxd6
15. Nxd6 Rd8 16. Nxc8 Raxc8 17. Re2 N7g6 18. Na3 Nf4 19. Ree1 Rd2 20. Rad1 Rcd8
21. Rxd2 Rxd2 22. Rd1 Rxd1+ 23. Bxd1 Nfd3 24. b3 Nc1 25. bxc4 Nxa2 26. Nb1 Nc1
27. Nd2 1/2-1/2

[Event "La Pobla de Lillet op"]
[Site "La Pobla de Lillet ESP"]
[Date "2019.08.07"]
[Round "6.5"]
[White "Jucla Esteve, FX."]
[Black "Soler Bel, J."]
[Result "0-1"]
[WhiteElo "1647"]
[BlackElo "1881"]
[PlyCount "78"]
[EventDate "2019.08.02"]
[EventType "swiss"]
[EventRounds "9"]
[EventCountry "ESP"]
[SourceTitle "Ajedrez en Madrid"]
[Source "lmi"]
[SourceDate "2020.06.24"]
[SourceVersion "1"]
[SourceVersionDate "2020.06.24"]
[SourceQuality "1"]

1. e4 e5 2. Nf3 Nc6 3. Bb5 a6 4. Ba4 Nf6 5. O-O b5 6. Bb3 Be7 7. c3 O-O 8. Re1
d5 9. d3 Bg4 10. Nbd2 Na5 11. Bc2 c5 12. exd5 Qxd5 13. Rxe5 Qxe5 14. Nxe5 Bxd1
15. Bxd1 Bd6 16. d4 cxd4 17. cxd4 Rfe8 18. Ndf3 Rac8 19. Be3 Nd5 20. Bd2 Nc4
21. Nxc4 bxc4 22. Bc3 Bb4 23. Ba4 Re7 24. Rc1 Bxc3 25. bxc3 Nf4 26. Kf1 f6 27.
g3 Nd5 28. Ng1 Kf8 29. Ne2 Rb8 30. Rc2 Rb6 31. Nf4 Nxf4 32. gxf4 Re4 33. d5 f5
34. Bc6 Rxf4 35. Rd2 Rf3 36. Ke2 Rxc3 37. d6 Rd3 38. Rxd3 cxd3+ 39. Kxd3 Rxc6
0-1

[Event "La Pobla de Lillet op"]
[Site "La Pobla de Lillet ESP"]
[Date "2019.08.07"]
[Round "6.6"]
[White "Garcia Perez, M."]
[Black "Gamisans Cassi, M."]
[Result "0-1"]
[WhiteElo "1506"]
[BlackElo "1647"]
[PlyCount "108"]
[EventDate "2019.08.02"]
[EventType "swiss"]
[EventRounds "9"]
[EventCountry "ESP"]
[SourceTitle "Ajedrez en Madrid"]
[Source "lmi"]
[SourceDate "2020.06.24"]
[SourceVersion "1"]
[SourceVersionDate "2020.06.24"]
[SourceQuality "1"]

1. e4 e6 2. d4 d5 3. exd5 exd5 4. c4 Nf6 5. Nc3 c6 6. Bd3 dxc4 7. Bxc4 Be7 8.
Nge2 O-O 9. O-O Bf5 10. Be3 Nbd7 11. d5 Ne5 12. Bb3 c5 13. Rc1 c4 14. Bc2 Bd3
15. Bxd3 Nxd3 16. Rc2 Nxd5 17. Rd2 Nxe3 18. fxe3 Bc5 19. Rf3 Re8 20. Kf1 Bxe3
21. Rxe3 Rxe3 22. g3 Qf6+ 23. Nf4 Re1+ 24. Qxe1 Nxe1 25. Ncd5 Qh6 26. Kxe1 Re8+
27. Kd1 g5 28. Nc7 Rc8 29. Nfd5 Qd6 30. Nb5 Qc5 31. a4 Kg7 32. g4 a6 33. Nd4
Qxd5 34. Nf5+ Qxf5 35. gxf5 Rc7 36. Rd6 f6 37. Kd2 Kf7 38. Kc3 Ke7 39. Re6+ Kf7
40. Re4 h5 41. h3 Rc5 42. Rd4 Ke7 43. Kb4 Rxf5 44. Kxc4 Rf4 45. b4 Rxd4+ 46.
Kxd4 Kd6 47. Ke4 Ke6 48. Kd4 b6 49. Ke4 f5+ 50. Kd4 g4 51. hxg4 fxg4 52. a5
bxa5 53. bxa5 Kd6 54. Kc4 g3 0-1

[Event "La Pobla de Lillet op"]
[Site "La Pobla de Lillet ESP"]
[Date "2019.08.07"]
[Round "6.6"]
[White "Lopez Minguella, A."]
[Black "Perez Garcia, A."]
[Result "0-1"]
[WhiteElo "1789"]
[BlackElo "2196"]
[PlyCount "82"]
[EventDate "2019.08.02"]
[EventType "swiss"]
[EventRounds "9"]
[EventCountry "ESP"]
[SourceTitle "Ajedrez en Madrid"]
[Source "lmi"]
[SourceDate "2020.06.24"]
[SourceVersion "1"]
[SourceVersionDate "2020.06.24"]
[SourceQuality "1"]

1. e4 c6 2. d4 d5 3. e5 c5 4. Nc3 cxd4 5. Qxd4 e6 6. Nf3 Nc6 7. Qd1 Bc5 8. Be2
Nge7 9. a3 Ng6 10. Bb5 O-O 11. Bxc6 bxc6 12. O-O a5 13. Re1 Ba6 14. Nd4 Qc7 15.
Be3 Bb6 16. Qg4 c5 17. Nxe6 Qd7 18. Nxd5 Qxd5 19. Nxf8 Rxf8 20. f4 Qe4 21. Rac1
Nxe5 22. Qg3 Ng6 23. Qf2 Qc6 24. b4 Bb7 25. Re2 Re8 26. Kh1 f5 27. Rce1 Re4 28.
Bxc5 Rxf4 29. Re8+ Kf7 30. Qe2 Bxc5 31. bxc5 Re4 32. Rxe4 Qxe4 33. Qxe4 fxe4
34. Rb1 Bc6 35. Kg1 Ke6 36. Rb6 Ne5 37. Ra6 a4 38. Ra7 Nc4 39. Rxg7 Nxa3 40.
Rxh7 Nxc2 41. Ra7 e3 0-1

[Event "La Pobla de Lillet op"]
[Site "La Pobla de Lillet ESP"]
[Date "2019.08.07"]
[Round "6.7"]
[White "Barcelo Sola, D."]
[Black "Viñals Rioja, J."]
[Result "1-0"]
[WhiteElo "2029"]
[BlackElo "2051"]
[PlyCount "118"]
[EventDate "2019.08.02"]
[EventType "swiss"]
[EventRounds "9"]
[EventCountry "ESP"]
[SourceTitle "Ajedrez en Madrid"]
[Source "lmi"]
[SourceDate "2020.06.24"]
[SourceVersion "1"]
[SourceVersionDate "2020.06.24"]
[SourceQuality "1"]

1. e4 d5 2. exd5 Qxd5 3. Nf3 Bg4 4. Be2 Nd7 5. d4 c6 6. O-O e6 7. Re1 Ngf6 8.
c4 Qa5 9. Nc3 Bb4 10. Bd2 O-O 11. h3 Bh5 12. g4 Bg6 13. g5 Ne4 14. Nxe4 Bxe4
15. Bxb4 Qxb4 16. Qd2 Qd6 17. Qe3 Bf5 18. Nh4 Bg6 19. Qg3 Qxg3+ 20. fxg3 Rfd8
21. Nxg6 hxg6 22. Bf3 Nb6 23. c5 Nd5 24. a3 Rd7 25. Re4 Rad8 26. Rd1 Nc7 27.
Be2 a6 28. Bc4 Nb5 29. Bxb5 axb5 30. Kf2 Rd5 31. h4 Rxc5 32. Rd2 Rcd5 33. b4
Kf8 34. Ke3 Ke7 35. Re2 R5d7 36. Rf4 Ra8 37. Ra2 Ra4 38. Ke4 b6 39. Rc2 Kd6 40.
Rc3 Rc7 41. Kf3 Rca7 42. Kg2 Rc7 43. Rcf3 Raa7 44. g4 c5 45. dxc5+ bxc5 46.
bxc5+ Kxc5 47. h5 gxh5 48. gxh5 Kd5 49. h6 gxh6 50. gxh6 f5 51. Rb4 Rc5 52. Kg3
Rh7 53. Rh4 Rc4 54. Rh1 b4 55. Rd3+ Kc6 56. axb4 Rxb4 57. Rc1+ Kb5 58. Rd8 Ka6
59. Ra8+ Kb7 1-0

[Event "La Pobla de Lillet op"]
[Site "La Pobla de Lillet ESP"]
[Date "2019.08.07"]
[Round "6.7"]
[White "Franch Bessa, J."]
[Black "Gomez Sanchez, J."]
[Result "1/2-1/2"]
[WhiteElo "1590"]
[BlackElo "1383"]
[PlyCount "77"]
[EventDate "2019.08.02"]
[EventType "swiss"]
[EventRounds "9"]
[EventCountry "ESP"]
[SourceTitle "Ajedrez en Madrid"]
[Source "lmi"]
[SourceDate "2020.06.24"]
[SourceVersion "1"]
[SourceVersionDate "2020.06.24"]
[SourceQuality "1"]

1. e4 c6 2. d4 d5 3. Nc3 dxe4 4. Nxe4 Bf5 5. Ng3 Bg6 6. Nf3 Nd7 7. h4 Ngf6 8.
h5 Be4 9. Ng5 Bd5 10. c4 Be6 11. Nxe6 fxe6 12. Qe2 e5 13. dxe5 Qa5+ 14. Bd2
Qxe5 15. Bc3 Qxe2+ 16. Bxe2 O-O-O 17. O-O-O e6 18. f4 Bc5 19. Bd4 Bxd4 20. Rxd4
Rhe8 21. Bf3 e5 22. fxe5 Rxe5 23. Rhd1 Rg5 24. Ne4 Ra5 25. Nxf6 gxf6 26. Kb1
Rg5 27. b4 f5 28. a4 Rgg8 29. a5 Ne5 30. Kc2 Nxf3 31. Rxd8+ Rxd8 32. Rxd8+ Kxd8
33. gxf3 Ke7 34. Kd3 Kf6 35. f4 Ke6 36. Ke3 b6 37. a6 c5 38. b5 Kf6 39. Kf3
1/2-1/2

[Event "La Pobla de Lillet op"]
[Site "La Pobla de Lillet ESP"]
[Date "2019.08.07"]
[Round "6.8"]
[White "Pastor Alonso de Prado, A."]
[Black "Codina Calvo, D."]
[Result "0-1"]
[WhiteElo "2032"]
[BlackElo "1863"]
[PlyCount "100"]
[EventDate "2019.08.02"]
[EventType "swiss"]
[EventRounds "9"]
[EventCountry "ESP"]
[SourceTitle "Ajedrez en Madrid"]
[Source "lmi"]
[SourceDate "2020.06.24"]
[SourceVersion "1"]
[SourceVersionDate "2020.06.24"]
[SourceQuality "1"]

1. e4 d5 2. exd5 Qxd5 3. Nc3 Qd6 4. d4 Nf6 5. Nf3 Bg4 6. g3 Nc6 7. Nb5 Qd7 8.
h3 Bf5 9. Bf4 Nd5 10. Ne5 Nxe5 11. dxe5 e6 12. c4 Nxf4 13. Qxd7+ Kxd7 14.
O-O-O+ Kc8 15. gxf4 Bc5 16. Bd3 c6 17. Nd6+ Bxd6 18. exd6 Bxd3 19. Rxd3 c5 20.
Rg1 g6 21. h4 Rd8 22. h5 Rd7 23. hxg6 hxg6 24. Kd2 b6 25. Ke3 Kb7 26. Ke4 Kc6
27. Ke5 Rad8 28. Kf6 Rh8 29. a3 Rh7 30. Ke5 Rh5+ 31. Rg5 Rh2 32. Rd2 Rh4 33. b4
a6 34. Rg3 Rh5+ 35. Rg5 Rh1 36. Rg3 Re1+ 37. Re3 Rc1 38. bxc5 bxc5 39. Rb3 Rxc4
40. Rdb2 f6+ 41. Kxf6 Rxf4+ 42. Kxg6 Rxd6 43. Kg5 Rf5+ 44. Kg4 Rd4+ 45. Kg3 Kd5
46. Re3 Re5 47. Kf3 Rxe3+ 48. Kxe3 c4 49. Rb8 Rd3+ 50. Ke2 Rxa3 0-1

[Event "La Pobla de Lillet op"]
[Site "La Pobla de Lillet ESP"]
[Date "2019.08.07"]
[Round "6.8"]
[White "Solsona Manonelles, J."]
[Black "Molina Mañas, M."]
[Result "0-1"]
[WhiteElo "1470"]
[BlackElo "1613"]
[PlyCount "104"]
[EventDate "2019.08.02"]
[EventType "swiss"]
[EventRounds "9"]
[EventCountry "ESP"]
[SourceTitle "Ajedrez en Madrid"]
[Source "lmi"]
[SourceDate "2020.06.24"]
[SourceVersion "1"]
[SourceVersionDate "2020.06.24"]
[SourceQuality "1"]

1. d4 Nf6 2. c4 c5 3. e3 g6 4. Nf3 Bg7 5. Bd3 O-O 6. O-O d6 7. h3 b6 8. Nc3 Bb7
9. d5 Na6 10. a3 Nc7 11. Rb1 e6 12. e4 h6 13. Be3 exd5 14. exd5 Kh7 15. Qc2 Nd7
16. Bf4 Qf6 17. Bg3 Ne5 18. Nxe5 dxe5 19. Ne4 Qd8 20. f4 f5 21. fxe5 fxe4 22.
Bxe4 Qg5 23. Bh2 Bxe5 24. Bxe5 Qxe5 25. Bxg6+ Kg7 26. Bh7 Qe3+ 27. Kh1 Qg5 28.
Be4 Rxf1+ 29. Rxf1 Rf8 30. Qc3+ Kg8 31. Rxf8+ Kxf8 32. Qh8+ Kf7 33. Qh7+ Qg7
34. Qf5+ Kg8 35. Qf2 Ne8 36. Qf4 Nf6 37. Qb8+ Qf8 38. Qg3+ Kh8 39. Qe5 Bc8 40.
Bf5 Bxf5 41. Qxf5 Kg7 42. Qe5 Qf7 43. Qg3+ Kh7 44. Qd3+ Qg6 45. Qxg6+ Kxg6 46.
g3 Ne4 47. Kg2 Nd2 48. d6 Kf6 49. g4 Nxc4 50. Kf3 Nxd6 51. Kf4 Nc4 52. h4 Nxb2
0-1

[Event "La Pobla de Lillet op"]
[Site "La Pobla de Lillet ESP"]
[Date "2019.08.07"]
[Round "6.9"]
[White "Begara Rodriguez, D."]
[Black "Casamitjana Nuñez, A."]
[Result "0-1"]
[WhiteElo "1430"]
[BlackElo "1788"]
[PlyCount "50"]
[EventDate "2019.08.02"]
[EventType "swiss"]
[EventRounds "9"]
[EventCountry "ESP"]
[SourceTitle "Ajedrez en Madrid"]
[Source "lmi"]
[SourceDate "2020.06.24"]
[SourceVersion "1"]
[SourceVersionDate "2020.06.24"]
[SourceQuality "1"]

1. e4 Nf6 2. Nc3 d5 3. e5 Nfd7 4. Nf3 Nb6 5. d4 Bf5 6. Bd3 Bxd3 7. Qxd3 e6 8.
Ng5 h6 9. Nh7 Nc6 10. Nxf8 Rxf8 11. Be3 Qe7 12. Qh7 f6 13. Qg6+ Rf7 14. exf6
gxf6 15. Qg8+ Rf8 16. Qg6+ Kd7 17. O-O-O Rg8 18. Qxh6 Rxg2 19. Rhg1 Rag8 20.
Rxg2 Rxg2 21. Qf4 a6 22. Ne2 Nc4 23. Rd3 Qb4 24. Kd1 Nxb2+ 25. Kc1 Nxd3+ 0-1

[Event "La Pobla de Lillet op"]
[Site "La Pobla de Lillet ESP"]
[Date "2019.08.07"]
[Round "6.9"]
[White "Tejero Royo, F."]
[Black "Povill Claros, L."]
[Result "0-1"]
[WhiteElo "1944"]
[BlackElo "1678"]
[PlyCount "62"]
[EventDate "2019.08.02"]
[EventType "swiss"]
[EventRounds "9"]
[EventCountry "ESP"]
[SourceTitle "Ajedrez en Madrid"]
[Source "lmi"]
[SourceDate "2020.06.24"]
[SourceVersion "1"]
[SourceVersionDate "2020.06.24"]
[SourceQuality "1"]

1. d4 Nf6 2. c4 g6 3. Nc3 d5 4. Nf3 Bg7 5. g3 O-O 6. cxd5 Nxd5 7. Bg2 Nb6 8.
O-O Nc6 9. e3 a6 10. a3 Na5 11. b4 Nac4 12. Nd2 Rb8 13. Nxc4 Nxc4 14. Qe2 Nd6
15. Bb2 Bd7 16. Rfd1 Nb5 17. Ne4 Qc8 18. Rac1 Bg4 19. Bf3 Bxf3 20. Qxf3 Nd6 21.
Nc5 b6 22. Ne4 Qb7 23. Rc6 f5 24. Ng5 Ne4 25. Ne6 Qxc6 26. d5 Qxe6 27. dxe6
Bxb2 28. Rd7 Bxa3 29. Rxe7 Bxb4 30. Rxc7 Rfe8 31. Qf4 Bd6 0-1

[Event "La Pobla de Lillet op"]
[Site "La Pobla de Lillet ESP"]
[Date "2019.08.07"]
[Round "6.10"]
[White "Srdoc, N."]
[Black "Ayza Ballester, J."]
[Result "0-1"]
[WhiteElo "1925"]
[BlackElo "2181"]
[PlyCount "45"]
[EventDate "2019.08.02"]
[EventType "swiss"]
[EventRounds "9"]
[EventCountry "ESP"]
[SourceTitle "Ajedrez en Madrid"]
[Source "lmi"]
[SourceDate "2020.06.24"]
[SourceVersion "1"]
[SourceVersionDate "2020.06.24"]
[SourceQuality "1"]

1. c4 c5 2. d3 Nc6 3. Nc3 g6 4. g3 Bg7 5. Bg2 e5 6. e4 Nge7 7. Nge2 d6 8. Be3
a6 9. Qd2 Nd4 10. Nd5 Nxd5 11. cxd5 Nxe2 12. Kxe2 Bd7 13. b4 b6 14. a4 a5 15.
b5 f5 16. Rac1 O-O 17. h4 Qf6 18. exf5 gxf5 19. Rc4 Rae8 20. Bg5 Qf7 21. h5 f4
22. f3 fxg3 23. Bh4 0-1

[Event "La Pobla de Lillet op"]
[Site "La Pobla de Lillet ESP"]
[Date "2019.08.07"]
[Round "6.10"]
[White "Vegara Gallego, P."]
[Black "Llaurado Pladellorens, C."]
[Result "1-0"]
[WhiteElo "1638"]
[BlackElo "1285"]
[PlyCount "69"]
[EventDate "2019.08.02"]
[EventType "swiss"]
[EventRounds "9"]
[EventCountry "ESP"]
[SourceTitle "Ajedrez en Madrid"]
[Source "lmi"]
[SourceDate "2020.06.24"]
[SourceVersion "1"]
[SourceVersionDate "2020.06.24"]
[SourceQuality "1"]

1. Nf3 d5 2. b3 Nc6 3. Bb2 Nf6 4. e3 a6 5. Be2 Bg4 6. d3 e6 7. Nbd2 Bd6 8. O-O
O-O 9. c4 Re8 10. Rc1 e5 11. cxd5 Nxd5 12. Nc4 f6 13. Nxd6 Qxd6 14. h3 Bxf3 15.
Bxf3 Ndb4 16. Bxc6 Nxc6 17. a3 Rad8 18. Rc3 e4 19. d4 Ne7 20. Rc1 Qb6 21. Qc2
c6 22. b4 Ng6 23. Rfd1 f5 24. Qc4+ Kf8 25. d5 cxd5 26. Rxd5 Rxd5 27. Qxd5 Nh4
28. Qd7 Re7 29. Rc8+ Kf7 30. Qd5+ Qe6 31. Qc5 g6 32. Qc3 Qa2 33. Qg7+ Ke6 34.
Qe5+ Kd7 35. Rc7+ 1-0

[Event "La Pobla de Lillet op"]
[Site "La Pobla de Lillet ESP"]
[Date "2019.08.07"]
[Round "6.14"]
[White "Prats Rodriguez, JB."]
[Black "Garcia Galeote, L."]
[Result "0-1"]
[WhiteElo "1994"]
[BlackElo "1849"]
[PlyCount "138"]
[EventDate "2019.08.02"]
[EventType "swiss"]
[EventRounds "9"]
[EventCountry "ESP"]
[SourceTitle "Ajedrez en Madrid"]
[Source "lmi"]
[SourceDate "2020.06.24"]
[SourceVersion "1"]
[SourceVersionDate "2020.06.24"]
[SourceQuality "1"]

1. e4 d5 2. exd5 Qxd5 3. Nc3 Qd6 4. d4 Nf6 5. Nf3 c6 6. g3 Bg4 7. Bg2 e6 8. O-O
Be7 9. h3 Bxf3 10. Bxf3 O-O 11. Bf4 Qb4 12. Qd3 Nbd7 13. Bc7 Bd8 14. a3 Qe7 15.
Bf4 Nb6 16. Ne2 Bc7 17. Bd2 Rad8 18. c4 Rfe8 19. Qc2 e5 20. dxe5 Bxe5 21. c5
Nc4 22. Bc3 Bxc3 23. Qxc3 Nd2 24. Rfe1 Nxf3+ 25. Qxf3 Qxc5 26. Nc3 h6 27. Rxe8+
Rxe8 28. Rd1 Qb6 29. Rd2 Qa5 30. Qd1 Qf5 31. Kg2 Kh7 32. Qb3 Re7 33. Qb4 Rd7
34. Rxd7 Qxd7 35. Qf4 b5 36. Qe3 a5 37. Qc5 a4 38. Qe5 Qd3 39. Qc7 Qc4 40. Qe5
Qd3 41. Qc7 Qd7 42. Qe5 Kg8 43. Qb8+ Qe8 44. Qd6 Ne4 45. Qd4 Nxc3 46. Qxc3 Qe4+
47. Kh2 Qd5 48. Qe3 Kh7 49. Qe2 g6 50. h4 h5 51. Qe1 Kg7 52. Qe2 Qd4 53. Kg1 b4
54. axb4 Qxb4 55. Qe5+ Kh7 56. Qf6 Qc4 57. Kh2 c5 58. Kg1 Kg8 59. Qe5 Kh7 60.
Qf6 Qd5 61. Kh2 c4 62. Kg1 Kg8 63. Qc3 Qd1+ 64. Kg2 Qb3 65. Qe5 c3 66. bxc3 a3
67. Qe8+ Kh7 68. Qa8 Qxc3 69. Qa7 Kg7 0-1

[Event "La Pobla de Lillet op"]
[Site "La Pobla de Lillet ESP"]
[Date "2019.08.08"]
[Round "7.1"]
[White "Capellades Subirana, M."]
[Black "Movsziszian, K."]
[Result "0-1"]
[WhiteElo "2194"]
[BlackElo "2472"]
[PlyCount "76"]
[EventDate "2019.08.02"]
[EventType "swiss"]
[EventRounds "9"]
[EventCountry "ESP"]
[SourceTitle "Ajedrez en Madrid"]
[Source "lmi"]
[SourceDate "2020.06.24"]
[SourceVersion "1"]
[SourceVersionDate "2020.06.24"]
[SourceQuality "1"]

1. e4 d6 2. Nc3 g6 3. g3 Bg7 4. Bg2 c5 5. Nge2 Nc6 6. d3 e6 7. h3 Nge7 8. O-O
O-O 9. Kh2 Rb8 10. Be3 Nd4 11. Qd2 b5 12. Nd1 d5 13. exd5 Nxd5 14. c3 Nxe3 15.
Nxe3 Nxe2 16. Qxe2 Bb7 17. a4 Bxg2 18. Nxg2 b4 19. c4 b3 20. Ra3 Qd4 21. Rb1
Rfd8 22. Ne1 a5 23. Kg2 Rb4 24. Kf1 e5 25. Rc1 e4 26. Rc3 Qd7 27. Rcxb3 Qxh3+
28. Kg1 e3 29. Qxe3 Bxb2 30. Rxb4 cxb4 31. Rb3 Bd4 32. Qg5 f6 33. Qf4 Qd7 34.
Nf3 Bc3 35. c5 Qxd3 36. Qc7 Qd1+ 37. Kg2 Rd3 38. Nh2 Qxb3 0-1

[Event "La Pobla de Lillet op"]
[Site "La Pobla de Lillet ESP"]
[Date "2019.08.08"]
[Round "7.1"]
[White "Puig Carres, J."]
[Black "Marin Aso, JL."]
[Result "1/2-1/2"]
[WhiteElo "1673"]
[BlackElo "1908"]
[PlyCount "70"]
[EventDate "2019.08.02"]
[EventType "swiss"]
[EventRounds "9"]
[EventCountry "ESP"]
[SourceTitle "Ajedrez en Madrid"]
[Source "lmi"]
[SourceDate "2020.06.24"]
[SourceVersion "1"]
[SourceVersionDate "2020.06.24"]
[SourceQuality "1"]

1. c4 g6 2. g3 Bg7 3. Bg2 e5 4. Nc3 Nc6 5. Nf3 d6 6. d3 f5 7. Bg5 Nge7 8. Qd2
h6 9. Bxe7 Nxe7 10. O-O O-O 11. e3 g5 12. h3 c6 13. Rab1 Ng6 14. b4 d5 15. cxd5
cxd5 16. Rbc1 e4 17. dxe4 dxe4 18. Rfd1 Qxd2 19. Nxd2 Be6 20. a3 Rac8 21. Nb5
Rxc1 22. Rxc1 Rd8 23. Rc2 a6 24. Nc7 Bf7 25. b5 axb5 26. Nxb5 Be8 27. Bf1 Ne5
28. Nd4 Ba4 29. Rc7 Nc6 30. Bc4+ Kh8 31. Ne6 Rxd2 32. Nxg7 Rd1+ 33. Kg2 Ne5 34.
Be2 Rd7 35. Rxd7 Bxd7 1/2-1/2

[Event "La Pobla de Lillet op"]
[Site "La Pobla de Lillet ESP"]
[Date "2019.08.08"]
[Round "7.2"]
[White "Cervello Tost, F."]
[Black "Gomez Jurado, LA."]
[Result "1/2-1/2"]
[WhiteElo "2367"]
[BlackElo "2293"]
[PlyCount "39"]
[EventDate "2019.08.02"]
[EventType "swiss"]
[EventRounds "9"]
[EventCountry "ESP"]
[SourceTitle "Ajedrez en Madrid"]
[Source "lmi"]
[SourceDate "2020.06.24"]
[SourceVersion "1"]
[SourceVersionDate "2020.06.24"]
[SourceQuality "1"]

1. d4 Nf6 2. Nf3 d5 3. g3 b5 4. Bg2 e6 5. a4 b4 6. c4 bxc3 7. bxc3 Bd6 8. O-O
O-O 9. Bg5 h6 10. Bxf6 Qxf6 11. e4 Qd8 12. e5 Be7 13. Re1 Ba6 14. Nbd2 c5 15.
dxc5 Bxc5 16. Nb3 Nd7 17. Nbd4 Rc8 18. g4 Be7 19. Qd2 Nc5 20. Re3 1/2-1/2

[Event "La Pobla de Lillet op"]
[Site "La Pobla de Lillet ESP"]
[Date "2019.08.08"]
[Round "7.2"]
[White "Soler Bel, J."]
[Black "Aballanet Beltran, E."]
[Result "1/2-1/2"]
[WhiteElo "1881"]
[BlackElo "1475"]
[PlyCount "64"]
[EventDate "2019.08.02"]
[EventType "swiss"]
[EventRounds "9"]
[EventCountry "ESP"]
[SourceTitle "Ajedrez en Madrid"]
[Source "lmi"]
[SourceDate "2020.06.24"]
[SourceVersion "1"]
[SourceVersionDate "2020.06.24"]
[SourceQuality "1"]

1. d4 d5 2. c4 e5 3. e3 exd4 4. exd4 c5 5. Nc3 Nc6 6. cxd5 Nxd4 7. Nf3 Bg4 8.
Be2 Bxf3 9. Bxf3 Bd6 10. O-O Ne7 11. Be3 Be5 12. Re1 O-O 13. Rc1 b6 14. Bxd4
cxd4 15. Rxe5 Ng6 16. Re1 dxc3 17. Rxc3 Rc8 18. Rxc8 Qxc8 19. g3 Re8 20. Rxe8+
Qxe8 21. Bg2 Qd7 22. Qc2 Ne7 23. Qe4 Qd6 24. Qf4 Qxf4 25. gxf4 Kf8 26. Kf1 Ke8
27. Ke2 Kd7 28. Kd3 Kd6 29. Kc4 a6 30. a4 Ng6 31. b4 f5 32. Bh3 Ne7 1/2-1/2

[Event "La Pobla de Lillet op"]
[Site "La Pobla de Lillet ESP"]
[Date "2019.08.08"]
[Round "7.3"]
[White "Camprubi Juanola, J."]
[Black "Pla Carulla, J."]
[Result "0-1"]
[WhiteElo "1553"]
[BlackElo "1796"]
[PlyCount "98"]
[EventDate "2019.08.02"]
[EventType "swiss"]
[EventRounds "9"]
[EventCountry "ESP"]
[SourceTitle "Ajedrez en Madrid"]
[Source "lmi"]
[SourceDate "2020.06.24"]
[SourceVersion "1"]
[SourceVersionDate "2020.06.24"]
[SourceQuality "1"]

1. c4 e5 2. g3 g6 3. Bg2 Bg7 4. Nc3 d6 5. e4 c6 6. h3 f5 7. d3 Nf6 8. Nge2 O-O
9. O-O Be6 10. b3 Qd7 11. Kh2 d5 12. f3 Na6 13. Ba3 Rf7 14. Qc2 d4 15. Nb1 Rc8
16. Nd2 c5 17. Ng1 Nh5 18. Ne2 Rcf8 19. exf5 gxf5 20. Rae1 Bh6 21. Bc1 Rg7 22.
Rh1 Be3 23. Nf1 Bf2 24. Rd1 Nb4 25. Qb1 Rg6 26. a3 Nc6 27. Bd2 f4 28. g4 Qg7
29. Be1 Bxe1 30. Rxe1 Nf6 31. Nd2 h5 32. Nxf4 Nxg4+ 33. hxg4 Rxf4 34. Re2 hxg4
35. Qf1 Bf5 36. Ne4 gxf3 37. Qe1 fxg2 38. Kg1 gxh1=Q+ 39. Kxh1 Rh6+ 40. Rh2
Rxh2+ 41. Kxh2 Bxe4 42. dxe4 Qh6+ 43. Kg2 Qg5+ 44. Kh3 Qg4+ 45. Kh2 Rxe4 46.
Qf1 Re2+ 47. Kh1 Qh4+ 48. Kg1 Qg3+ 49. Kh1 Qh2# 0-1

[Event "La Pobla de Lillet op"]
[Site "La Pobla de Lillet ESP"]
[Date "2019.08.08"]
[Round "7.3"]
[White "Codina Calvo, D."]
[Black "Povill Claros, X."]
[Result "0-1"]
[WhiteElo "1863"]
[BlackElo "2276"]
[PlyCount "90"]
[EventDate "2019.08.02"]
[EventType "swiss"]
[EventRounds "9"]
[EventCountry "ESP"]
[SourceTitle "Ajedrez en Madrid"]
[Source "lmi"]
[SourceDate "2020.06.24"]
[SourceVersion "1"]
[SourceVersionDate "2020.06.24"]
[SourceQuality "1"]

1. e4 c6 2. d4 d5 3. exd5 cxd5 4. Bd3 Nc6 5. c3 Qc7 6. Qb3 Nxd4 7. Qxd5 e5 8.
Bg5 Ne7 9. Bb5+ Nxb5 10. Qxb5+ Nc6 11. Nd2 Be6 12. Ngf3 f6 13. Be3 Be7 14. O-O
O-O 15. Ne4 Rfd8 16. b3 Rd5 17. Qe2 Rad8 18. Rfd1 Qd7 19. Rd2 Rxd2 20. Qxd2
Qxd2 21. Nexd2 Ba3 22. Rb1 Bf5 23. Re1 Bb2 24. c4 a6 25. h3 Nb4 26. Bb6 Rd7 27.
Nf1 Bc3 28. Re3 Nxa2 29. Ng3 Bg6 30. Ne4 Bxe4 31. Rxe4 Nc1 32. Kh2 Bd2 33. Nxd2
Rxd2 34. Be3 Re2 35. Rg4 Nxb3 36. Rg3 Na5 37. Bh6 g6 38. Rd3 Kf7 39. Kg3 Ke6
40. c5 Nc4 41. Rb3 Rb2 42. Rd3 g5 43. Bg7 Rd2 44. Rf3 f5 45. Bh6 e4 0-1